Statistics for Geography- C

Click here to take the quiz!

General Stats

  • This quiz has been taken 47 times
  • The average score is 12 of 17

Answer Stats

HintAnswer% Correct
Capital of EgyptCairo
100%
Capital of AustraliaCanberra
98%
Capital of DenmarkCopenhagen
98%
Its Capital is Phnom PenhCambodia
95%
Birth-country of Michael Buble and Justin BieberCanada
93%
Third Biggest State in U.SCalifornia
91%
French City Closest to UKCalais
84%
Biggest Lake in the WorldCaspian Sea
77%
City on the River Cam, Famous for its UniversityCambridge
72%
Capital of MoldovaChisinau
67%
Peninsula on the Northern Coast of the Black SeaCrimea
67%
Volcanic Archipelago off North-West AfricaCape Verde
56%
Megacity in IndiaChennai
56%
Volcanic Archipelago off East AfricaComoros
56%
Capital of GuineaConakry
51%
Birthplace of Samuel Eto'oCameroon
49%
Australian territory in the Indian OceanChristmas Island
28%

Score Distribution

Percentile by Number Answered

Percent of People with Each Score

Your Score History

You have not taken this quiz